000 00656nam a2200205Ia 4500
005 20250508164427.0
008 008 250505s9999 xx 000 0 eng d
037 _aTextBook
040 _aFEDL
_beng
_cFEDL
041 _aeng
_2eng
084 _a418, CHA/R
_qFEDL
100 _aChapelle Carol A
_927124
245 0 _aComputer applications in second language acquisition : Foundations for teaching, testing and research
260 _aCambridge
_bCambridge University Press
_c2001
300 _axvii,215p
365 _aINR
_b550
490 _aCambridge applied linguistics series
942 _cTB
_h418, CHA/R
999 _c1389078
_d1389078